El peregrino en su patria: presente fluido
Shranjeno v:
| Glavni avtor: | |
|---|---|
| Format: | Knjiga |
| Jezik: | Undetermined |
| Izdano: |
México, Distrito Federal
Fondo de Cultura Económica
1987
|
| Izdaja: | 2 |
| Teme: | |
| Oznake: |
Označite
Brez oznak, prvi označite!
|
MARC
| LEADER | 00000nam a2200000Ia 4500 | ||
|---|---|---|---|
| 008 | 170316s9999 xx 000 0 und d | ||
| 040 | |a cru BVZT | ||
| 090 | |a 860 P-13pp v.2 | ||
| 100 | |a Paz, Octavio | ||
| 245 | |a El peregrino en su patria: presente fluido | ||
| 250 | |a 2 | ||
| 260 | |a México, Distrito Federal | ||
| 260 | |b Fondo de Cultura Económica | ||
| 260 | |c 1987 | ||
| 300 | |a 290 páginas | ||
| 650 | |a LITERATURA LATINOAMERICANA | ||
| 999 | |c 9068 |d 9068 | ||
| 942 | |c 15 D |h 860 P-13pp v.2 |2 z | ||
